| 000 | 00349nam a2200133Ia 4500 | ||
|---|---|---|---|
| 008 | 220204s9999 xx 000 0 und d | ||
| 082 |
_a678.046.2:678 _bWEE |
||
| 100 | _aWeereratne, Sheana | ||
| 245 | 4 | _aThe usage of carbon black in the rubber industry | |
| 260 |
_aU K _bIRSG |
||
| 650 | _aCarbon black | ||
| 650 | _aRubber industry | ||
| 942 | _cBK | ||
| 999 |
_c41343 _d41343 |
||